| 000 | 00392pam a2200157a 44500 | ||
|---|---|---|---|
| 008 | 230515b2009 xxu||||| |||| 00| 0 eng d | ||
| 020 | _aNULL | ||
| 041 | _aBENGALI | ||
| 082 | _a820/REF | ||
| 100 | _a"REFERENCE ,PRESS" | ||
| 245 | _aREFERENCE MANUAL ENGLISH LITERATURE : NET/ SET /SLET. | ||
| 250 | _a1 | ||
| 260 |
_aPUNE _bREGENCY PUBLICATIONS _c2009 |
||
| 300 | _a606 | ||
| 650 | _aNULL | ||
| 999 |
_c542158 _d542158 |
||